Les 4 Dragons et Tigres d'Asie - Statistiques

Statistiques générales
  • Ce quiz a été pris 50 fois
  • Le résultat moyen est 7 sur 8
Statistiques - réponses
Dragons d'Asie % Correct
Corée du Sud
93%
Taïwan
90%
Singapour
86%
Indonésie
83%
Malaisie
83%
Hong Kong
79%
Thaïlande
76%
Philippines
66%
Aucun quiz correspondant
Distribution des résultats
% des personnes avec chaque résultat
Percentile par nombre de réponses
Votre historique - résultats
Vous n’avez pas pris ce quiz